The elder dragons of monster hunter - Statistics

General Stats
  • This quiz has been taken 242 times
  • The average score is 13 of 20
Answer Stats
Hints and debut game Answer % Correct
The flaming emperor Teostra
96%
The flaming Empress Lunastra
93%
The white horse of lightning Kirin
90%
Elder dragon of the wind Kushala Daora
89%
The black dragon Fatalis
81%
Elder dragon of the mist Chameleos
74%
The white lightning dragon White Fatalis
72%
The rusted wind dragon Rusted Kushala
69%
The red fire dragon Crimson Fatalis
66%
The unstable dragon Alatreon
64%
young form of the next answer Gore Magala
62%
The black horse of ice Oroshi Kirin
62%
The frenzied mountain god Shagaru Magala
61%
The Old mountain dragon (not related to 5/6) Lao Shan Lung
59%
The eternal emperor Dalamadur
56%
The firepowder eater Gogmazios
50%
The floating disaster Yama Tsukami
49%
Crest mountain dragon Jhen Mohran
40%
Huge Mountain dragon Dah'ren Mohran
32%
The Horned Sea Serpent Caedeus
25%
No matching quizzes found
Score Distribution
Percent of People with Each Score
Percentile by Number Answered
Your Score History
You have not taken this quiz